000 00628nam a22001937a 4500
003 NUST-PNEC
005 20170116180742.0
008 141223b xxu||||| |||| 00| 0 eng d
020 _a0340872691
040 _cPNEC
082 _a150.3 CAR
100 _91142
_aCardwell Mike
245 _aComplete A-z Psychology Handbook.
_cMike Cardwell
260 _aLondon
_bHodder & Stoughton
_cc.2003
300 _aviii, 300 p. :
_bill. ;
_c23 cm
650 _xAS
856 _uhttp://www.amazon.com/Complete-Psychology-Handbook-Mike-Cardwell/dp/0340872691/ref=sr_1_1?ie=UTF8&qid=1419322007&sr=8-1&keywords=0340872691
942 _2ddc
_cBK
999 _c62216
_d62216